000 00271nam a22001217a 4500
008 181206b xxu||||| |||| 00| 0 eng d
041 _aeng
080 _a510
100 _a37
101 _aMAT
245 _aHbj Algebra With Trigometry
_cArthur.F. C
942 _2udc
_cBK
999 _c52976
_d52976